[Event "IECG CB.2002.0.00028 email"]
[Site "IECG email"]
[Date "2002.01.29"]
[Round "?"]
[White "Schneider, Laurent"]
[Black "Lannaioli, Alfonsino"]
[Result "1/2-1/2"]
[WhiteElo "1819"]
[BlackElo "1935"]
[PlyCount "37"]
[EventDate "2002.01.29"]
[EventType "tourn (corr)"]
[EventRounds "6"]
[SourceTitle "Corr 2008"]
[Source "ChessBase"]
[SourceDate "2008.06.24"]
[SourceVersion "1"]
[SourceVersionDate "2008.06.24"]
[SourceQuality "1"]

1. e4 e5 2. Nf3 Nf6 3. Nxe5 d6 4. Nf3 Nxe4 5. d4 d5 6. Bd3 Nc6 7. 0-0 Be7 8. c4 Nb4 9. Be2 0-0 10. a3 Nc6 11. cxd5 Qxd5 12. Nc3 Nxc3 13. bxc3 Bf5 14. Re1 Rad8 15. c4 Qd7 16. d5 Qc8 17. Bd2 Nb8 18. Nd4 Rfe8 19. Nxf5 1/2-1/2